MARC

LEADER 00000nam0a2200000 4500
001 323435
005 20231102003553.0
035 |a (RuTPU)RU\TPU\book\349022 
035 |a RU\TPU\book\115243 
090 |a 323435 
100 |a 20161019d1963 km y0rusy50 ca 
101 0 |a rus 
102 |a RU 
105 |a a z 001zy 
200 1 |a Анализ руд и цветных металлов  |f С. Ю. Файнберг 
205 |a 3-е изд., испр. и доп. 
210 |a Москва  |c Металлургиздат  |d 1963 
215 |a 871 с.  |c ил. 
320 |a Библиография в конце глав 
606 1 |a Цветные металлы  |x Химический анализ  |2 stltpush  |3 (RuTPU)RU\TPU\subj\17885  |9 43445 
610 1 |a руды цветных металлов 
610 1 |a анализ 
610 1 |a элементы 
610 1 |a методы определения 
610 1 |a продукты обогащения 
610 1 |a шлаки 
610 1 |a полярографические методы 
675 |a 669.2:543  |v 4 
700 1 |a Файнберг  |b С. Ю.  |g Соломон Юльевич 
701 1 |a Филиппова  |b Н. А.  |g Нина Александровна 
801 1 |a RU  |b 63413507  |c 20061212  |g PSBO 
801 2 |a RU  |b 63413507  |c 20171128  |g PSBO 
942 |c BK